000 01609nam a2200241Ia 4500
003 Ost
005 20260507075648.0
008 260507s9999||||xx |||||||||||||| ||und||
020 _a1475119957
040 _cfsecg
041 _aara
082 _a330.1543
100 _aعبد الرحمن، اسماعيل
_eمؤلف
245 0 _aمفاهيم ونظم اقتصادية :
_bالتحليل الإقتصادي الكلي والجزئي /
_c اسماعيل عبد الرحمن
260 _aعمان:
_bدار وائل للنشر والتوزيع,
_c2004
300 _a563 صفحة؛
_bإيضاحات ؛
_c24 سم
520 _aمفاهيم أساسية في علم الإقتصاد- حسابات الدخل القومي- نظرية الإستهلاك- تخطيط الإستثمار- نظرية الإدخار- البطالة- التضخم- السياسة المالية- النقود والمصارف- التجارة الخارجية- التنمية الإقتصادية والنمو الإقتصادي- التخطيط الإقتصادي- نظريات القيمة- نظريات الطلب- نظرية العرض- توازن الطلب والعرض- نظرية سلوك المستهلك- نظرية الإنتاج- نظرية تكاليف الإنتاج- نظرية التوزيع- نظرية الاسواق- توازن المنتج في حالات الاسواق المختلفة.
653 _aالإقتصاد الجزئي
653 _aالإقتصاد الكلي
653 _aالنظم اقتصادية
700 _aعريقات، حربي محمد
_eمؤلف ثانوي
942 _cكتاب
999 _c45535
_d45535